000 00330nam a2200109 4500
999 _c508172
_d508172
082 _aA45:5451 CGE/2006-07
100 _aGoa. Directorate of Planning, Statistics and Evaluation
_93289
245 _aA report on the census of Government employees, 2007
260 _aPanaji
_bGovernment of Goa
_c2009
300 _a30p.
942 _2ddc